Aristotle / Barnes, Jonathan, Ed.

Gespeichert in:
Bibliographische Detailangaben
Format: Buch
Sprache:Undetermined
Veröffentlicht: Melbourne, Australia Cambridge University Press 1995
Schlagworte:
Tags: Tag hinzufügen
Keine Tags, Fügen Sie den ersten Tag hinzu!

MARC

LEADER 00000nam a2200000Ia 4500
008 170316s9999 xx 000 0 und d
040 |a cru BVZT 
090 |a 100 A-36.1a 
245 |a Aristotle / Barnes, Jonathan, Ed. 
260 |a Melbourne, Australia 
260 |b Cambridge University Press 
260 |c 1995 
300 |a 404 páginas 
520 |b Editado por el filósofo inglés Jonathan Barnes, en el presente libro se encuentran una serie de textos de él y varios filósofos, a modo de “conversaciones”, sobre Aristóteles. Entre los diferentes autores hacen un recorrido por el pensamiento del Estagirita, empezando con una reseña biográfica por parte de Barnes, con diferentes conferencias sobre la Lógica, la Metafísica, la Ética, la Política. Asimismo, se encuentra una interesante lectura desde la filosofía de la ciencia. 
650 |a FILOSOFÍA  |9 5 
650 |a ARISTÓTELES 
650 |a FILOSOFÍA GRIEGA 
650 |a EN IDIOMA INGLÉS  |9 129 
999 |c 15537  |d 15537 
942 |c 4 D  |h 100 A-36.1a  |2 z